000 00350pam a2200157a 44500
008 230515b1967 xxu||||| |||| 00| 0 eng d
020 _aNULL
041 _aENGL
082 _a330 KRU
100 _a"KRUR, D. B."
245 _aARTHSHATRI VICHAR
250 _a1
260 _aJAIPUR
_bABD PUBLISHER JAIPUR
_c1967
300 _a430
650 _aN.D.
999 _c539985
_d539985